Urbanization an introduction to urban Geography 2nd ed (Record no. 6082)
[ view plain ]
| 000 -LEADER | |
|---|---|
| fixed length control field | 00302nam a2200109Ia 4500 |
| 008 - FIXED-LENGTH DATA ELEMENTS--GENERAL INFORMATION | |
| fixed length control field | 200302s9999 xx 000 0 und d |
| 100 ## - MAIN ENTRY--PERSONAL NAME | |
| Personal name | Paul L. Knox and Linda Mc Carthy |
| 245 ## - TITLE STATEMENT | |
| Title | Urbanization an introduction to urban Geography 2nd ed |
| 260 ## - PUBLICATION, DISTRIBUTION, ETC. | |
| Name of publisher, distributor, etc. | Prentice Hall Inc. |
| 260 ## - PUBLICATION, DISTRIBUTION, ETC. | |
| Date of publication, distribution, etc. | 2005 |
| 300 ## - PHYSICAL DESCRIPTION | |
| Extent | 594 |
| Withdrawn status | Lost status | Damaged status | Not for loan | Permanent Location | Current Location | Date acquired | Cost, normal purchase price | Total Checkouts | Full call number | Barcode | Date last seen | Date last checked out | Price effective from | Koha item type |
|---|---|---|---|---|---|---|---|---|---|---|---|---|---|---|
| BMS College of Architecture, Design and Planning | BMS College of Architecture, Design and Planning | 2020-03-03 | 6500.00 | 1 | 307.76 | AR-PG179 | 2022-07-25 | 2022-07-08 | 2020-03-03 | PG Books |